000 00411nam a2200157Ia 4500
008 231221s9999 xx 000 0 und d
041 _aEnglish
082 _a001.6424JAV HOR1.1;5
100 _aHorstmann, Cay S Cornell, Gary
245 0 _aCore Java 2 V1 : fundamentals
260 _c2001
_bAddison-Wesley/Longman
300 _axxiv+798
300 _cCD1623
650 _aCore,Java,2,V1,:
942 _cBC
999 _c201954
_d201954